000 00571nam a2200193Ia 4500
005 20250508150805.0
008 008 250505s9999 xx 000 0 eng d
037 _aBooks to be hide in OPAC
040 _aFEDL
_beng
_cFEDL
041 _aeng
_2eng
084 _a745.2, HOL/O
_qFEDL
100 _aHolme Rathbone Ed.
_9757656
245 0 _aStudio yearbook : Decorative art 1950-51
260 _aLondon, UK
_bThe Studio Publications
300 _a132p.
700 _a Frost Kathleen Ed.
_9757657
942 _cHB
_h745.2, HOL/O
999 _c1325690
_d1325690